Guía del (la) facilitador (a) para el so del Método abc español (Record no. 8447)

MARC details
000 -LEADER
campo de control de longitud fija 00408nam a2200133Ia 4500
001 - NÚMERO DE CONTROL
campo de control 788
008 - DATOS DE LONGITUD FIJA--INFORMACIÓN GENERAL
campo de control de longitud fija 241024s9999 xx 000 0 und d
082 ## - NÚMERO DE LA CLASIFICACIÓN DECIMAL DEWEY
Número de clasificación RD/374/R426g/1
100 ## - ENTRADA PRINCIPAL--NOMBRE DE PERSONA
Nombre de persona República Dominicana.Secretaría de Estado de Educación
245 #0 - MENCIÓN DEL TÍTULO
Título Guía del (la) facilitador (a) para el so del Método abc español
260 ## - PUBLICACIÓN, DISTRIBUCIÓN, ETC.
Nombre del editor, distribuidor, etc. ed. Centenario
Fecha de publicación, distribución, etc. 1999
901 ## - ELEMENTOS DE DATOS A LOCAL LDA (RLIN)
a 2/12/2010 12:01:13 p.m.

No items available.

© 2024. Todos los Derechos Reservados. Desarrollado por IDEICE